| 000 | 00665nam a2200229Ia 4500 | ||
|---|---|---|---|
| 001 | 21693 | ||
| 005 | 20260407084600.0 | ||
| 008 | 260320s9999||||xx |||||||||||||| ||und|| | ||
| 020 | _a9786123331542 | ||
| 041 | _aESP | ||
| 082 |
_a348.6 _bC24 |
||
| 100 |
_aCampos Torres, Sara, _eAUT |
||
| 245 | 0 | _aRegímenes laborales especiales | |
| 250 | _aSegunda edición | ||
| 260 |
_aLima : _bGaceta Jurídica _c2025 |
||
| 300 |
_a431 páginas : _bcuadros ; _c25 cm. |
||
| 650 | _aCIS | ||
| 653 | _aDerecho; Derecho del trabajo | ||
| 654 | _aCDE | ||
| 856 |
_uhttps://app-vlex-com.ucsp.lookproxy.com/ _zVéase además: Base de datos Vlex |
||
| 942 |
_cLIB _dJUS _fMIP _2ddc |
||
| 999 |
_c21693 _d21693 |
||